000 01408nam a2200433 i 4500
001 14875
003 KOSZ 005
005 20200111111415.0
008 200111s1965 pl a f 000 0 pol
015 _aPB 1965/3867
035 _a991040637489705066
035 _a(PL-WaBN)b20857846-48omnis_nlop
035 _ab20857846
035 _a(OCoLC)831315923
035 _a(PL)b0000002085784
035 _a(EXLNZ-48OMNIS_NETWORK)9910471832205606
040 _aWA N
_cWA N
_dKOSZ 005/RW
046 _k1965
080 _a629.1(084)
080 _a621(084)
100 1 _aPodarewski, Ryszard
_eAutor
245 1 0 _aAtlas konstrukcji silników spalinowych /
_cRyszard Podarewski.
260 _aWarszawa :
_b[s.n.],
_c1965
300 _a136, [3] stron :
_bilustracje ;
_c27 cm.
336 _aTekst
_btxt
_2rdacontent
337 _aBez urządzenia pośredniczącego
_bn
_2rdamedia
338 _aWolumin
_bnc
_2rdacarrier
380 _aKsiążki
388 _a1901-2000
490 1 _aWydawnictwa Politechniki Warszawskiej
504 _aBibliografia na stronie [181].
650 7 _aSilniki spalinowe
_2DBN
655 7 _aPodręcznik
658 _aInżynieria i technika
830 0 _aWydawnictwa Politechniki Warszawskiej
856 _uhttp://koha.tu.koszalin.pl/cgi-bin/koha/opac-detail.pl?biblionumber=14875
_yKatalog online BPK
942 _2UKD
_cKS
999 _c14875
_d14875